Estatísticas para Quiz dos consoles de videogame mais vendidos

Clique aqui para jogar o quiz

Estatísticas Gerais

  • Esse quiz foi jogado 8 982 vezes
    (8 888 desde o último reset)
  • A pontuação média é 16 de 29

Estatísticas das Respostas

Liberado#VendidoConsole% Correto
1994102 miPlayStation
97%
200124 miXbox
96%
2000155 miPlayStation 2
93%
2013116 miPlayStation 4
93%
200687 miPlayStation 3
92%
198362 miNintendo / Nintendinho
91%
202010 miPlayStation 5
88%
201351 miXbox One
80%
200584 miXbox 360
79%
201789 miNintendo Switch
67%
197730 miAtari 2600
64%
2006102 miWii
61%
1989119 miGame Boy / Game Boy Color
58%
20206,5 miXbox Series X / Xbox Series S
58%
199633 miNintendo 64
53%
200481 miPSP
48%
2004154 miNintendo DS
47%
199049 miSuper Nintendo
45%
201176 miNintendo 3DS
41%
200122 miGame Cube
36%
201214 miWii U
36%
201112,5 miPlayStation Vita
32%
200182 miGame Boy Advance
24%
198311,5 miSega Master System
20%
19949,3 miSega Saturn
20%
19989,1 miDream Cast
16%
198831 miSega Genesis
11%
199010,7 miGameGear
5%
198710 miTurboGrafx-16
2%

Distribuição das Pontuações

Percentil de Números Respondidos

Porcentagem de Pessoas com Cada Pontuação

Sua Pontuação Histórica

Você não jogou esse quiz desde o último reset